<?xml version="1.0" encoding="UTF-8"?>
<record
    xmlns:xsi="http://www.w3.org/2001/XMLSchema-instance"
    xsi:schemaLocation="http://www.loc.gov/MARC21/slim http://www.loc.gov/standards/marcxml/schema/MARC21slim.xsd"
    xmlns="http://www.loc.gov/MARC21/slim">

  <leader>00777nam a2200217Ia 4500</leader>
  <datafield tag="999" ind1=" " ind2=" ">
    <subfield code="c">37913</subfield>
    <subfield code="d">37913</subfield>
  </datafield>
  <controlfield tag="001">3891</controlfield>
  <controlfield tag="003">GE_BSU</controlfield>
  <controlfield tag="005">20190819171645.0</controlfield>
  <controlfield tag="008">181216s1963||||ge |||||||||||||| ||geo||</controlfield>
  <datafield tag="040" ind1=" " ind2=" ">
    <subfield code="c">GE_BSU</subfield>
  </datafield>
  <datafield tag="041" ind1=" " ind2=" ">
    <subfield code="a">geo</subfield>
  </datafield>
  <datafield tag="080" ind1=" " ind2=" ">
    <subfield code="a">101 &#x10D9;&#x2013;50</subfield>
  </datafield>
  <datafield tag="100" ind1=" " ind2=" ">
    <subfield code="a">&#x10D9;&#x10D8;&#x10DA;&#x10D0;&#x10EB;&#x10D4;, &#x10D5;.</subfield>
    <subfield code="9">3687</subfield>
  </datafield>
  <datafield tag="245" ind1=" " ind2=" ">
    <subfield code="a">&#x10D2;.&#x10D5;. &#x10DE;&#x10DA;&#x10D4;&#x10EE;&#x10D0;&#x10DC;&#x10DD;&#x10D5;&#x10D8;&#x10E1; &#x10E4;&#x10D8;&#x10DA;&#x10DD;&#x10E1;&#x10DD;&#x10E4;&#x10D8;&#x10E3;&#x10E0;&#x10D8; &#x10E8;&#x10D4;&#x10EE;&#x10D4;&#x10D3;&#x10E3;&#x10DA;&#x10D4;&#x10D1;&#x10D0;&#x10DC;&#x10D8; /</subfield>
    <subfield code="c">&#x10E0;&#x10D4;&#x10D3;. &#x10DB;. &#x10DC;&#x10D4;&#x10DB;&#x10E1;&#x10D0;&#x10EB;&#x10D4;.</subfield>
  </datafield>
  <datafield tag="264" ind1=" " ind2=" ">
    <subfield code="a"> &#x10D7;&#x10D1;. : </subfield>
    <subfield code="b">&#x10D7;&#x10D1;&#x10D8;&#x10DA;. &#x10E3;&#x10DC;-&#x10E2;&#x10D8;, </subfield>
    <subfield code="c">1963.</subfield>
  </datafield>
  <datafield tag="300" ind1=" " ind2=" ">
    <subfield code="a">168 &#x10D2;&#x10D5;.; </subfield>
    <subfield code="b">22 &#x10E1;&#x10DB;.</subfield>
  </datafield>
  <datafield tag="600" ind1=" " ind2=" ">
    <subfield code="a">&#x10DE;&#x10DA;&#x10D4;&#x10EE;&#x10D0;&#x10DC;&#x10DD;&#x10D5;&#x10D8; &#x10D2;.</subfield>
    <subfield code="9">3688</subfield>
  </datafield>
  <datafield tag="653" ind1=" " ind2=" ">
    <subfield code="a">&#x10DE;&#x10DA;&#x10D4;&#x10EE;&#x10D0;&#x10DC;&#x10DD;&#x10D5;&#x10D8; &#x10D2;.</subfield>
  </datafield>
  <datafield tag="700" ind1=" " ind2=" ">
    <subfield code="a">&#x10DC;&#x10D4;&#x10DB;&#x10E1;&#x10D0;&#x10EB;&#x10D4;, &#x10DB;. </subfield>
    <subfield code="e">&#x10E0;&#x10D4;&#x10D3;&#x10D0;&#x10E5;&#x10E2;&#x10DD;&#x10E0;&#x10D8;</subfield>
    <subfield code="9">3689</subfield>
  </datafield>
  <datafield tag="942" ind1=" " ind2=" ">
    <subfield code="c">BK</subfield>
    <subfield code="2">udc</subfield>
  </datafield>
  <datafield tag="952" ind1=" " ind2=" ">
    <subfield code="0">0</subfield>
    <subfield code="1">0</subfield>
    <subfield code="2">udc</subfield>
    <subfield code="4">0</subfield>
    <subfield code="6">101_&#x10D9;50</subfield>
    <subfield code="7">0</subfield>
    <subfield code="9">38524</subfield>
    <subfield code="a">CPL</subfield>
    <subfield code="b">CPL</subfield>
    <subfield code="c">GEN</subfield>
    <subfield code="d">2018-12-17</subfield>
    <subfield code="g">1.10</subfield>
    <subfield code="o">101 &#x10D9;&#x2013;50</subfield>
    <subfield code="p">5464</subfield>
    <subfield code="r">2018-12-17</subfield>
    <subfield code="t">5464</subfield>
    <subfield code="w">2018-12-17</subfield>
    <subfield code="y">BK</subfield>
    <subfield code="z">1&#x10DA;. 10&#x10D7;. </subfield>
  </datafield>
</record>
